The Breeding programme of Hevea brasiliensis in India during early 1970s (Record no. 70483)

MARC details
000 -LEADER
fixed length control field 00338nam a2200121Ia 4500
100 ## - MAIN ENTRY--AUTHOR NAME
Personal name Saraswathyamma C K
245 #4 - TITLE STATEMENT
Title The Breeding programme of Hevea brasiliensis in India during early 1970s
260 ## - PUBLICATION, DISTRIBUTION, ETC. (IMPRINT)
Name of publisher Rubber Reporter
Year of publication 1992
300 ## - PHYSICAL DESCRIPTION
Number of Pages 21-23
700 ## - ADDED ENTRY--PERSONAL NAME
Personal name George P J
942 ## - ADDED ENTRY ELEMENTS (KOHA)
Koha item type Journals
Holdings
Withdrawn status Lost status Damaged status Not for loan Home library Current library Date acquired Serial Enumeration / chronology Koha item type
      Journals RRII Library RRII Library 17/12/2021 Volume 17, Issue Journals